LEADER 00833nam0-22002771i-450- 001 990006380580403321 005 20080923125936.0 035 $a000638058 035 $aFED01000638058 035 $a(Aleph)000638058FED01 035 $a000638058 100 $a20000112d1994----km-y0itay50------ba 101 0 $ager 102 $aCH 105 $ay---n---001yy 200 1 $a<>Datenschutzgesetz im Privatbereich$eunter besonderer Berucksichtigung seiner motivationalen Grundlage$fJames Thomas Peter 210 $aZurich$cSchulthess Pol.$d1994 676 $a323.448 700 1$aPeter,$bJames Thomas$0239813 801 0$aIT$bUNINA$gRICA$2UNIMARC 901 $aBK 912 $a990006380580403321 952 $aDISSERT. A 1478$b34923*$fFGBC 959 $aFGBC 996 $aDatenschutzgesetz im Privatbereich$9659441 997 $aUNINA LEADER 01017nam0-22003371i-450- 001 990000860610403321 005 20001010 010 $a0-444-88446-7 035 $a000086061 035 $aFED01000086061 035 $a(Aleph)000086061FED01 035 $a000086061 100 $a20001010d--------km-y0itay50------ba 101 0 $aita 105 $ay-------001yy 200 1 $a<>Introduction to Complex Analysis in Several Variables$fLars Hormander 205 $aThird Edition (Revised) 210 $aAmsterdam$cNorth -Holland$d1990 215 $aXII, 254 p.$d23 cm 225 1 $aNorth-Holland mathematical library$v7 610 0 $aAn Introduction to Complex Analysis in Several Variables 676 $a515.94 700 1$aHormander,$bLars$031879 801 0$aIT$bUNINA$gRICA$2UNIMARC 901 $aBK 912 $a990000860610403321 952 $a02 31 C 24$b5900$fFINBN 959 $aFINBN 996 $aIntroduction to complex analysis in several variables$9188689 997 $aUNINA DB $aING01